[Event "Leamington Spa 4NCL op-B 28th"]
[Site "Leamington Spa"]
[Date "2022.07.10"]
[Round "5"]
[White "Boughen, Andrew"]
[Black "Loog, Tiiu"]
[Result "0-1"]
[WhiteElo "1799"]
[BlackElo "1576"]
[PlyCount "86"]
[EventDate "2022.07.08"]
[EventType "swiss"]
[EventRounds "5"]
[EventCountry "ENG"]
[SourceTitle "CBM 209 Extra"]
[Source "ChessBase"]
[SourceDate "2022.09.30"]
[SourceVersion "1"]
[SourceVersionDate "2022.09.30"]
[SourceQuality "1"]

1. d4 Nf6 2. c4 g6 3. Nc3 Bg7 4. e4 d6 5. Nf3 c6 6. Be2 Bg4 7. Be3 Bxf3 8. Bxf3 Nbd7 9. 0-0 0-0 10. Rc1 e5 11. d5 c5 12. a3 h5 13. Bg5 Qb6 14. Na4 Qc7 15. b4 b6 16. Nc3 a6 17. Be2 Kh7 18. f4 exf4 19. Rxf4 Bh6 20. Bxh6 Kxh6 21. Qf1 Qd8 22. Qf2 Qe7 23. Rf1 Kg7 24. Qh4 Qe5 25. R1f3 Ng4 26. Qg3 cxb4 27. axb4 a5 28. Nb5 axb4 29. Nxd6 Ra1+ 30. Bf1 f6 31. Nb5 Nc5 32. h3 Nh6 33. Qf2 b3 34. Rxf6 Rxf6 35. Rxf6 Nxe4 36. Rxg6+ Kxg6 37. Qf8 Qf6 38. Qe8+ Kg7 39. Qxe4 Rxf1+ 40. Kh2 Qf4+ 41. Qxf4 Rxf4 42. d6 Nf7 43. Kg3 Rxc4 0-1

[Event "Leamington Spa 4NCL op-B 28th"]
[Site "Leamington Spa"]
[Date "2022.07.08"]
[Round "1"]
[White "McLachlan, Matthew"]
[Black "Loog, Tiiu"]
[Result "1-0"]
[WhiteElo "1795"]
[BlackElo "1576"]
[PlyCount "119"]
[EventDate "2022.07.08"]
[EventType "swiss"]
[EventRounds "5"]
[EventCountry "ENG"]
[SourceTitle "CBM 209 Extra"]
[Source "ChessBase"]
[SourceDate "2022.09.30"]
[SourceVersion "1"]
[SourceVersionDate "2022.09.30"]
[SourceQuality "1"]

1. d4 Nf6 2. Bg5 g6 3. Bxf6 exf6 4. e3 Bg7 5. c4 d6 6. Nc3 Nc6 7. Bd3 Bd7 8. Nge2 0-0 9. a3 f5 10. 0-0 Ne7 11. Qd2 c6 12. b4 Be6 13. Rfd1 d5 14. c5 b6 15. Rdb1 bxc5 16. bxc5 Qc7 17. Rb3 Rfb8 18. Rab1 Rxb3 19. Rxb3 Rb8 20. Qb2 Rxb3 21. Qxb3 Bc8 22. Na2 Qb7 23. Qb4 Qxb4 24. axb4 Kf8 25. g3 Ke8 26. Nec3 Kd7 27. b5 Bb7 28. Nb4 cxb5 29. Bxb5+ Kc7 30. Ba4 a5 31. Nd3 g5 32. Nb5+ Kb8 33. Nc1 Bf8 34. Nd6 Bc6 35. Bc2 f6 36. Nxf5 Nxf5 37. Bxf5 h6 38. Kf1 Bb5+ 39. Ke1 Be7 40. Be6 Bc4 41. e4 a4 42. Bxd5 Bb5 43. Na2 Bd8 44. f4 gxf4 45. gxf4 Ba5+ 46. Kf2 Bd3 47. Ke3 Bb1 48. e5 fxe5 49. fxe5 Kc7 50. e6 Kd8 51. Bc4 Bc7 52. Nc3 Bc2 53. h3 Kc8 54. e7 Kd7 55. Nd5 a3 56. Bb5+ Kc8 57. e8Q+ Kb7 58. Qc6+ Kb8 59. Qxc7+ Ka8 60. Nb6# 1-0

[Event "South Wales New Year Major"]
[Site "Bridgend"]
[Date "2020.01.05"]
[Round "4"]
[White "Loog, Tiiu"]
[Black "Smith, Chris P"]
[Result "1-0"]
[WhiteElo "1398"]
[BlackElo "1486"]
[PlyCount "81"]
[EventDate "2020.01.03"]
[EventType "swiss"]
[EventRounds "5"]
[EventCountry "WLS"]
[SourceTitle "EXT 2022"]
[Source "ChessBase"]
[SourceDate "2021.10.06"]
[SourceVersion "1"]
[SourceVersionDate "2021.10.06"]
[SourceQuality "1"]

1. e4 d6 2. d4 Nf6 3. Nc3 g6 4. Nf3 Bg7 5. Bd3 0-0 6. h3 c6 7. 0-0 b5 8. a3 Bb7 9. Be3 a6 10. Qd2 Nbd7 11. Bh6 c5 12. Bxg7 Kxg7 13. dxc5 Nxc5 14. Rfe1 Rc8 15. e5 Bxf3 16. exf6+ exf6 17. gxf3 Nxd3 18. Qxd3 Qd7 19. f4 Rc5 20. Re3 Rh5 21. Kh2 Rc8 22. b4 Rc4 23. Re4 Rc8 24. Rg1 Qc7 25. Nd1 Qxc2 26. Qxc2 Rxc2 27. Rd4 Ra2 28. Rg3 d5 29. Kg2 Rf5 30. Ne3 Rh5 31. Nxd5 Rc2 32. Rc3 Rxc3 33. Nxc3 g5 34. fxg5 fxg5 35. Rd6 Rh6 36. Rxh6 Kxh6 37. Nd5 Kg6 38. Nc7 Kf6 39. Nxa6 Ke6 40. Nc7+ Kd6 41. Nxb5+ 1-0